Bite The Hand - boygenius (Lyrics) - Statistics

General Stats
  • This quiz has been taken 84 times
  • The average score is 224 of 267
Answer Stats
Answer % Correct
I
100%
bite
98%
Bite
98%
hand
98%
me
98%
the
98%
feeds
93%
that
93%
you
90%
can't
85%
do
85%
want
85%
to
83%
I'm
80%
are
78%
are?
78%
could
78%
how
78%
if
78%
love
78%
see
78%
think
78%
I'll
75%
Who
75%
am?
73%
of
73%
what
73%
What
73%
Your
73%
is
70%
afraid
68%
in
68%
my
68%
needs
68%
you're
68%
away
65%
far
65%
Maybe
65%
say?
65%
too
65%
hear
63%
light
63%
touch
63%
change?
60%
face
60%
will
60%
wouldn't
60%
for
55%
wanna
55%
hands
50%
part
50%
best
48%
But
48%
give
45%
Here's
45%
tied
43%
while
40%
distilled
38%
gravity
25%
No matching quizzes found
Score Distribution
Percent of People with Each Score
Percentile by Number Answered
Your Score History
You have not taken this quiz